000 00586nam a2200181 a 4500
005 20231019063545.0
008 991125s1970 mx 000 0 spa u
035 _aUPN01000009866
049 _aCG
050 4 _aLB1578 A2
_bI5.2
110 2 _aInstituto Nacional de Protección a la Infancia (México)
_928089
245 1 0 _aCompañera campesina /
_cInstituto Nacional de Protección a la Infancia.
260 _a[México] :
_bINPI,
_c[1970?].
300 _a14 p. :
_bil.
500 _aDisponible en la Colección Medina
650 4 _aCartillas (Lectura elemental)
_91832
905 _aLibro
999 _c9866
_d9866